Импульсный сильноточный ускоритель с согласующим трансформатором; Приборы и техника эксперимента; № 3

التفاصيل البيبلوغرافية
Parent link:Приборы и техника эксперимента/ Российская академия наук.— , 1956-
№ 3.— 2004.— С. 130-134
مؤلفون آخرون: Ремнев Г. Е. Геннадий Ефимович, Фурман Э. Г. Эдвин Гугович, Пушкарев А. И. Александр Иванович, Карпузов С. Б., Кондратьев Н. А., Гончаров Д. В.
اللغة:الروسية
منشور في: 2004
سلاسل:Общая экспериментальная техника
الموضوعات:
التنسيق: فصل الكتاب
KOHA link:https://koha.lib.tpu.ru/cgi-bin/koha/opac-detail.pl?biblionumber=427341

MARC

LEADER 00000naa2a2200000 4500
001 427341
005 20231101074634.0
035 |a (RuTPU)RU\TPU\prd\86495 
035 |a RU\TPU\prd\28728 
090 |a 427341 
100 |a 20100907a2004 k y0rusy50 ca 
101 0 |a rus 
102 |a RU 
200 1 |a Импульсный сильноточный ускоритель с согласующим трансформатором  |f Г. Е. Ремнев [и др.] 
225 1 |a Общая экспериментальная техника 
320 |a Библиогр.: 4 назв. 
461 1 |0 (RuTPU)RU\TPU\prd\300  |t Приборы и техника эксперимента  |f Российская академия наук  |d 1956- 
463 1 |0 (RuTPU)RU\TPU\prd\86478  |t № 3  |v С. 130-134  |d 2004 
610 1 |a ускорители 
610 1 |a сильноточные ускорители 
610 1 |a трансформаторы 
610 1 |a передача энергии 
610 1 |a автотрансформаторы 
610 1 |a функциональные схемы 
610 1 |a труды учёных ТПУ 
675 |a 621.384.6  |v 3 
701 1 |a Ремнев  |b Г. Е.  |c физик  |c профессор Томского политехнического университета, доктор технических наук  |f 1948-  |g Геннадий Ефимович  |2 stltpush  |3 (RuTPU)RU\TPU\pers\22004 
701 1 |a Фурман  |b Э. Г.  |c специалист в области электротехники  |c доктор технических наук, главный научный сотрудник НИИ ВН Томского политехнического университета  |f 1946-2010  |g Эдвин Гугович  |2 stltpush  |3 (RuTPU)RU\TPU\pers\19878 
701 1 |a Пушкарев  |b А. И.  |c физик  |c профессор Томского политехнического университета, доктор физико-математических наук  |c старший научный сотрудник НИИ ВН Томского политехнического университета  |f 1954-  |g Александр Иванович  |2 stltpush  |3 (RuTPU)RU\TPU\pers\26414 
701 1 |a Карпузов  |b С. Б. 
701 1 |a Кондратьев  |b Н. А. 
701 1 |a Гончаров  |b Д. В. 
801 1 |a RU  |b 63413507  |c 20041011  |g PSBO 
801 2 |a RU  |b 63413507  |c 20150609  |g RCR 
942 |c BK